30 in 90: Slogans Quiz Stats

Quiz Updated Apr 11, 2016

Challenge
Share
Tweet
Embed
Score 0/30 Timer 01:30
3 Plays Today
% Correct
Nike
79.9%
Rice Krispies
78.5%
McDonald's
74.8%
Budweiser
74%
M&Ms
73%
Energizer
72%
Subway
70.5%
Alka Seltzer
70.3%
Red Bull
69.2%
Wrangler
67.4%
Colgate
67.2%
Foster's
66.5%
Allstate
65.7%
BMW
63.9%
Mazda
61.3%
% Correct
Pringles
61.1%
Bounty
60.8%
Burger King
59.6%
GEICO
58.8%
Wendy's
58%
Mastercard
56.6%
Capital One
56.2%
Applebee's
56.1%
Maxwell House
54.5%
Staples
53.6%
Taco Bell
50.6%
Olive Garden
41.5%
Target
40.3%
Apple, Inc.
40.2%
IHOP
30.4%

You're not logged in!

Compare scores with friends on all Sporcle quizzes.
Sign Up with Email
OR
Log In

You Might Also Like...

Show Comments

Extras

Top Quizzes Today


Score Distribution

Your Account Isn't Verified!

In order to create a playlist on Sporcle, you need to verify the email address you used during registration. Go to your Sporcle Settings to finish the process.